|
|
|
|
| LEADER |
00942pam a22002418a 4500 |
| 001 |
00044804 |
| 005 |
20191011161042.0 |
| 008 |
170516s2006 ||||||Viesd |
| 020 |
# |
# |
|c 70000
|a 9786045746349
|
| 041 |
0 |
# |
|a Vie
|
| 082 |
1 |
# |
|a 327.597
|b NG404GI
|
| 100 |
1 |
# |
|a Trịnh, Thanh Mai
|
| 245 |
0 |
0 |
|a Ngoại giao văn hóa Hồ Chí Minh và sự vận dụng của Đảng Cộng sản Việt Nam trong quá trình hội nhập quốc tế
|c Trịnh Thanh Mai
|
| 260 |
# |
# |
|a Hà Nội
|b Chính trị quốc gia
|c 2019
|
| 300 |
# |
# |
|a 220 tr.
|c 21 cm.
|
| 653 |
# |
# |
|a Hội nhập
|
| 653 |
# |
# |
|a Ngoại giao
|
| 653 |
# |
# |
|a Tư tưởng Hồ Chí Minh
|
| 653 |
# |
# |
|a Văn hóa
|
| 653 |
# |
# |
|a Đảng Cộng sản Việt Nam
|
| 852 |
# |
# |
|j KD.0026277
|j KM.0033164
|j KM.0033165
|
| 910 |
# |
# |
|e ilib
|f 11/10/2019
|d 11/10/2019
|
| 980 |
# |
# |
|a Trung tâm Học liệu Lê Vũ Hùng, Trường Đại học Đồng Tháp
|